Writing : Ten core concepts

Writing: ten core concepts is designed to help you acquire the fundamental understanding that you need to become an effective writer-and to give you practice in applying Ten Core Concepts across different writing tasks. Handy ten-step writing guides help you focus on the important questions for each...

詳細記述

保存先:
書誌詳細
第一著者: Yagelski, Robert
フォーマット: 図書
言語:Undetermined
出版事項: Australia Cengage Learning 2015
主題:
タグ: タグ追加
タグなし, このレコードへの初めてのタグを付けませんか!
Thư viện lưu trữ: Trung tâm Học liệu Trường Đại học Cần Thơ
LEADER 01089nam a2200205Ia 4500
001 CTU_226039
008 210402s9999 xx 000 0 und d
082 |a 808.066378 
082 |b Y12 
100 |a Yagelski, Robert 
245 0 |a Writing : 
245 0 |b Ten core concepts 
245 0 |c Robert P. Yagelski 
260 |a Australia 
260 |b Cengage Learning 
260 |c 2015 
520 |a Writing: ten core concepts is designed to help you acquire the fundamental understanding that you need to become an effective writer-and to give you practice in applying Ten Core Concepts across different writing tasks. Handy ten-step writing guides help you focus on the important questions for each of the Core Concepts in particular types of writing. Emphasizing writing as an interaction between a writer and a reader, this book offers you guidance in three main aims of writing and a way to participate in the conversations that shape our lives. 
650 |a English language,Tiếng Anh 
650 |x Style,Phong cách 
980 |a Trung tâm Học liệu Trường Đại học Cần Thơ